Old Testament theology / (Record no. 7305)
[ view plain ]
| 000 -LEADER | |
|---|---|
| fixed length control field | 00757cam a2200229Ka 4500 |
| 001 - CONTROL NUMBER | |
| control field | 57545915 |
| 003 - CONTROL NUMBER IDENTIFIER | |
| control field | OCoLC |
| 005 - DATE AND TIME OF LATEST TRANSACTION | |
| control field | 20190207120456.0 |
| 008 - FIXED-LENGTH DATA ELEMENTS--GENERAL INFORMATION | |
| fixed length control field | 050201s2005 nyu b 000 0 eng |
| 040 ## - CATALOGING SOURCE | |
| Original cataloging agency | SPB |
| Transcribing agency | SPB |
| Modifying agency | OCLCQ |
| -- | OSS |
| 082 ## - DEWEY DECIMAL CLASSIFICATION NUMBER | |
| Classification number | 230 |
| Item number | R845O |
| 090 ## - LOCALLY ASSIGNED LC-TYPE CALL NUMBER (OCLC); LOCAL CALL NUMBER (RLIN) | |
| Classification number (OCLC) (R) ; Classification number, CALL (RLIN) (NR) | BS1192.5 |
| Local cutter number (OCLC) ; Book number/undivided call number, CALL (RLIN) | .R3132 2005 |
| 240 10 - UNIFORM TITLE | |
| Uniform title | Theologie des Alten Testaments. |
| Language of a work | English |
| 245 10 - TITLE STATEMENT | |
| Title | Old Testament theology / |
| Statement of responsibility, etc. | bY wOLFGANG M.W Roth. |
| 250 ## - EDITION STATEMENT | |
| Edition statement | Prince Press ed |
| 260 ## - PUBLICATION, DISTRIBUTION, ETC. | |
| Place of publication, distribution, etc. | Peabody, MA : |
| Name of publisher, distributor, etc. | Prince Press, |
| Date of publication, distribution, etc. | 2005 |
| 300 ## - PHYSICAL DESCRIPTION | |
| Extent | 2 v. in one ; |
| Dimensions | 24 cm |
| 504 ## - BIBLIOGRAPHY, ETC. NOTE | |
| Bibliography, etc. note | Includes bibliographical references |
| 505 0# - FORMATTED CONTENTS NOTE | |
| Formatted contents note | v. 1. The theology of Israel's historical traditions. -- v. 2. The theology of Israel's prophetic traditions |
| 630 00 - SUBJECT ADDED ENTRY--UNIFORM TITLE | |
| Uniform title | Bible. |
| Name of part/section of a work | O.T. |
| General subdivision | Theology |
| 942 ## - ADDED ENTRY ELEMENTS (KOHA) | |
| Source of classification or shelving scheme | Dewey Decimal Classification |
| Koha item type | Books |
| Withdrawn status | Lost status | Source of classification or shelving scheme | Damaged status | Not for loan | Collection code | Home library | Current library | Shelving location | Date acquired | Cost, normal purchase price | Total Checkouts | Full call number | Barcode | Date last seen | Price effective from | Koha item type |
|---|---|---|---|---|---|---|---|---|---|---|---|---|---|---|---|---|
| Dewey Decimal Classification | Non-fiction | Harvest Mission College | Harvest Mission College | General Stacks | 07.02.2019 | 850.00 | 230 R845O | 008322 | 07.02.2019 | 07.02.2019 | Books |
